| 000 | 00879nam a2200265 i 4500 | ||
|---|---|---|---|
| 003 | DO-SdBNP | ||
| 005 | 20260423093811.0 | ||
| 007 | ta | ||
| 008 | 240829b2009 dr ac||| |||| 00| 0 spa d | ||
| 040 |
_aDO-SdBNP _bspa _cBNPHU _erda |
||
| 041 | _hspa | ||
| 082 | 4 |
_a923.27293 _bB742j _222 |
|
| 100 | 1 |
_aBosch, Juan, _d1909-2001. _976555 |
|
| 245 | 0 | 0 |
_aJuan Bosch en Cuba / _ccompilador, Luis F. Céspedes |
| 264 | 1 |
_aSanto Domingo : _bEditora FUNGLODE, _c2009. |
|
| 300 |
_a375 páginas : _bilustraciones, retratos ; _c27 cm. |
||
| 336 |
_atexto _btxt _2rdacontent |
||
| 337 |
_asin mediación _bn _2rdamedia |
||
| 338 |
_avolumen _bnc _2rdacarrier |
||
| 590 | _aInventariado, 2024/BT | ||
| 600 | 1 | 0 |
_aBosch, Juan, _d 1909-2001 _xPensamiento político y social _989336 |
| 700 | 1 |
_aCéspedes Espinosa, Luis F., _ecompilador _4comp. _986482 |
|
| 910 | _aBtavárez | ||
| 942 |
_2ddc _cLBS1 |
||
| 999 |
_c57585 _d57585 |
||